000 00610nam a22002057a 4500
005 20260515115059.0
008 250306b |||||||| |||| 00| 0 eng d
020 _a9788119679317
040 _aIN-DiNC
_cIN-DiNC
041 _dasm
082 _a891.4514
_bASA
245 _aAsamiya sahityar goti prakriti (Major5)/
_ced. by Pranab Phukan and Pratim Saikia
250 _a1st ed.
260 _aJorhat:
_bBidya bhawan,
_c2025.
300 _a228p.
650 _aTrend and tendencies of Assamese literature (Major5)
700 _aPhukan, Pranab
_eEditor
700 _aSaikia, Pritam
_eauthor
942 _2ddc
_cBK
999 _c12129
_d12129